000 00206nam a22000857a 4500
008 160805b xxu||||| |||| 00| 0 eng d
100 _940
_aLata S
245 _aMathsight-5
260 _aNew Delhi
_bBrittanicca
_c2011
999 _c2691
_d2691